000 00276nam a22001337a 4500
008 181025b xxu||||| |||| 00| 0 eng d
020 _a9780618407347
041 _aeng
080 _a371
100 _a46
101 _aEDU
245 _aA Vous!
_cAnover,V
942 _2udc
_cBK
999 _c50892
_d50892